000 00517nam a2200205Ia 4500
003 OSt
005 20230603124925.0
008 210423s2007 xx 000 0 und d
040 _cAL
041 _aeng
082 _a306.85
_223
_bPATH
100 _aPATHAK (Shalini)
_9119376
245 _aHuman development
260 _aNew Delhi
_bSonali Publications
_c2007
365 _b800
_cINR
650 _aMarriage & Family
_9119377
650 _aSociology
_9119378
906 _adevelopment ; Human
942 _2ddc
_cBK
999 _c174871
_d174871